Statistics for KPOP QUIZ

Click here to take the quiz!

General Stats

  • This quiz has been taken 42 times
  • The average score is 55 of 183

Answer Stats

indiceAnswer% Correct
block b
94%
JUST B
94%
MISS A
94%
blackpink
91%
BTS
91%
OH MY GIRL
86%
SUPER M
86%
EXO
77%
ATEEZ
77%
RED VELVET
77%
STRAY KIDS
77%
WONDER GIRLS
77%
BROWN EYED GIRLS
74%
NCT
74%
TWICE
74%
aespa
71%
F(x)
71%
BB GIRLS
69%
BIG
69%
(G)I-dle
69%
LE SSERAFIM
69%
NEW JEANS
69%
SEVENTEEN
69%
TXT
69%
BIGBANG
66%
ITZY
66%
MAMAMOO
66%
NMIXX
66%
ENHYPEN
63%
IZ*ONE
63%
SHINEE
63%
TRIPLE H
63%
btob
60%
IVE
60%
2ne1
57%
GOT7
57%
girls' generation
54%
IKON
54%
apink
51%
SUPER JUNIOR
51%
MONSTA X
51%
2pm
49%
astro
49%
KEP1ER
49%
2am
46%
Fromis 9
46%
PENTAGON
46%
STAYC
46%
THE BOYZ
46%
aoa
43%
DREAMCATCHER
43%
CRAVITY
40%
I.O.I
40%
PURPLE KISS
40%
T-ARA
40%
ZEROBASEONE
40%
4minute
37%
CLC
37%
GFriend
37%
KARA
37%
P1HARMONY
37%
WINNER
37%
billie
34%
EVERGLOW
34%
LOONA
34%
girl's day
34%
H.O.T
34%
KARD
34%
MOMOLAND
34%
U-KISS
34%
BOYNEXTDOOR
31%
KISS
31%
NU'EST
31%
SF9
31%
SISTAR
31%
ONEUS
29%
TVXQ
29%
XIKERS
29%
aFter school
26%
cix
26%
DAY6
26%
;bap
26%
EXID
26%
PRISTIN
26%
ONLY ONE OF
26%
LIGHTSUM
23%
ROCKET PUNCH
23%
SHINHWA
23%
THE ROSE
23%
VIVIZ
23%
WJSN
23%
X1
23%
ACE
20%
CHERRY BULLET
20%
INFINITE
20%
LOVELYZ
20%
MIRAE
20%
ORANGE CARAMEL
20%
XDINARY HEROES
20%
crayon pop
17%
DRIPPIN
17%
FIFTY FIFTY
17%
100%
17%
gugudan
17%
HIGHLIGHT
17%
MCND
17%
ONF
17%
TEEN TOP
17%
TRIPLES
17%
TROUBLE MAKER
17%
WEKI MEKI
17%
XG
17%
3YE
14%
AB6IX
14%
april
14%
cn blue
14%
DREAMNOTE
14%
PIXY
14%
VICTON
14%
GOT THE BEAT
14%
GWSN
14%
NATURE
14%
VIXX
14%
DKB
11%
E'LAST
11%
epex
11%
HELLO VENUS
11%
OMEGA X
11%
ONEWE
11%
UP10TION
11%
;b1a4
9%
BOYFRIEND
9%
BSS
9%
bvndit
9%
CIGNATURE
9%
DIA
9%
DKZ
9%
ghost9
9%
JYJ
9%
KINGDOM
9%
LADIES' CODE
9%
RANIA
9%
TEMPEST
9%
VAV
9%
VERIVERY
9%
WEi
9%
1THE9
6%
24k
6%
BAE173
6%
davichi
6%
d crunch
6%
Fiestar
6%
JBJ
6%
KNK
6%
LABOUM
6%
N FLYING
6%
NOIR
6%
TO1
6%
TRENDZ
6%
UNIQ
6%
ALICE
3%
BABYMONTER
3%
elris
3%
bolbbalgan4
3%
F.T.ISLAND
3%
SSE
3%
ILY:1
3%
LAPPILUS
3%
mblaq
3%
MIMIROSE
3%
NTX
3%
ROMEO
3%
T1419
3%
UNB
3%
VANNER
3%
YOUNITE
3%
BDC
0%
ENOI
0%
SM LA BALLADE
0%
TRÉSOR
0%
IRRIS
0%
TAN
0%
TFN
0%

Score Distribution

Percentile by Number Answered

Percent of People with Each Score

Your Score History

You have not taken this quiz